000 00349nam a2200121Ia 4500
008 210430s9999 xx 000 0 und d
082 _a030 A122 C
100 _aSeema Abbasi
_913364
245 _aConcise Encyclopaedia of General Knowledge
_cSeema Abbasi
260 _aIslamabad
_bNational Book Foundation
_c2004
300 _a585p
942 _cBK
_2ddc
999 _c564494
_d564494